Countries in Oceania 1 minute speed race - Statistics

General Stats
  • This quiz has been taken 253 times
  • The average score is 12 of 14
Answers on the Map
Answers color-coded by a green-red scale on the quiz's map according to % correct below.
 
Answer Stats
Population Answer % Correct
25,710,853 Australia
99%
4,795,886 New Zealand
95%
8,558,800 Papua New Guinea
93%
55,500 Marshall Islands
91%
120,100 Kiribati
90%
896,445 Fiji
89%
278,550 Samoa
89%
667,044 Solomon Islands
89%
10,084 Nauru
87%
10,640 Tuvalu
86%
304,550 Vanuatu
86%
21,000 Palau
85%
103,000 Micronesia
84%
100,651 Tonga
81%
No matching quizzes found
Score Distribution
Percent of People with Each Score
Percentile by Number Answered
Your Score History
You have not taken this quiz